Spell the Marvel Character #88 - Statistics

General Stats
  • This quiz has been taken 29 times
  • The average score is 6 of 7
Answer Stats
Picture Answer % Correct
America Chavez
91%
Moon Knight
91%
Adam Warlock
87%
Nova
87%
Ant-Man
78%
Thena
70%
Nakia
65%
No matching quizzes found
Score Distribution
Percent of People with Each Score
Percentile by Number Answered
Your Score History
You have not taken this quiz